000 00537nam a2200181 i 4500
001 44721
003 ES-MaACL
005 20260617125143.0
007 t|
008 030324s1917 fr ||||1| fre d
080 _a821.133.1-23"19"
100 _aClaudel, Paul,
_d1868-1955
_9239252
245 1 2 _aL'annonce faite a Marie
_b: mystère en quatre actes et un prologue /
_cPaul Claudel.
260 _a[S.l. :
_bs.n.,
_c1917] (
_eMacon :
_fProtat Frères)
300 _a211 p. ;
_c20 cm.
852 _aES-MaACL
_jF-5614
999 _c44721
_d44721